000 00407nam a2200169Ia 4500
008 210210b1921 xxu||||| |||| 00| 0 eng d
041 _aeng
082 _a823/254
100 _aSHAKESPEARE (William)
245 _aMidsummer nights dream
260 _aOxford
_bAt the Clarendon Press
_c1921
650 _anights
650 _aMidsummer
650 _adream
690 _aEnglish Drama
906 _a013799
999 _c132863
_d132863